Případy soudce Ti. Vraždy na Žluté řece /
Příběh z dlouhé série detektivek ze středověké Číny se odehrává během dlouhé plavby po mohutné Žluté řece.
Uloženo v:
| Série: | Nové případy soudce Ti,
část 18 |
|---|---|
| Hlavní autor: | |
| Další autoři: | |
| Médium: | E-kniha |
| Jazyk: | Czech |
| Vydáno: |
Praha :
Garamond,
2018
|
| Vydání: | Vydání první |
| Edice: | Černá káva
|
| Témata: | |
| Příbuzné jednotky: | Z cyklu::
Nové případy soudce Ti |
| Tagy: |
Žádné tagy |
| LEADER | 02778cam a2200505 i 4500 | ||
|---|---|---|---|
| 001 | 311825 | ||
| 003 | CZ PrSKC | ||
| 005 | 20260601215712.0 | ||
| 007 | ta | ||
| 008 | 181211s2018 xr g 000 f cze d | ||
| 015 | |a cnb003065292 | ||
| 020 | |a 9788074074349 |q (brožováno) | ||
| 035 | |a (OCoLC)1096286931 | ||
| 040 | |a ABG001 |b cze |d OSA001 |d ABA001 |e rda | ||
| 041 | 1 | |a cze |h fre | |
| 072 | 7 | |a 821.133.1-3 |x Francouzská próza, francouzsky psaná |2 Konspekt | |
| 080 | |a 821.133.1-31 |2 MRF | ||
| 080 | |a (0:82-312.4) |2 MRF | ||
| 080 | |a (0:82-311.6) |2 MRF | ||
| 100 | 1 | |a Lenormand, Frédéric, |d 1964- |7 mzk2006343198 |4 aut | |
| 240 | 1 | 0 | |a Meurtres sur le fleuve Jaune. |l Česky |
| 245 | 1 | 0 | |a Případy soudce Ti. |p Vraždy na Žluté řece / |c Frédéric Lenormand ; z francouzského originálu přeložila Vlasta Misařová |
| 246 | 3 | 0 | |a Vraždy na Žluté řece |
| 250 | |a Vydání první | ||
| 264 | 1 | |a Praha : |b Garamond, |c 2018 | |
| 300 | |a 205 stran ; |c 19 cm | ||
| 336 | |a text |b txt |2 rdacontent | ||
| 337 | |a bez média |b n |2 rdamedia | ||
| 338 | |a svazek |b nc |2 rdacarrier | ||
| 490 | 1 | |a Černá káva | |
| 520 | 2 | |a Příběh z dlouhé série detektivek ze středověké Číny se odehrává během dlouhé plavby po mohutné Žluté řece. |b Soudce je povolán do hlavního města Tchangů, aby vypovídal o svém posledním případu. Sotva se vydá na plavbu po Žluté řece, dostává nový služební příkaz: zajistit bezpečnost svědka netrpělivě očekávaného v Zakázaném městě. Je tu ale háček, soudce Ti vůbec neví, kdo z cestujících je ten Laj, kterého má chránit. Zatímco mu před očima ubíhá překrásná krajina severní Číny, množí se kolem mandarína vraždy a pokusy o zabití. Je to pro něj ta nejnebezpečnější plavba jeho kariéry... Nakladatelská anotace. Kráceno. | |
| 655 | 7 | |a francouzské romány |7 fd132289 |2 czenas | |
| 655 | 7 | |a detektivní romány |7 fd132010 |2 czenas | |
| 655 | 7 | |a historické romány |7 fd132414 |2 czenas | |
| 655 | 9 | |a French fiction |2 eczenas | |
| 655 | 9 | |a detective novels |2 eczenas | |
| 655 | 9 | |a historical novels |2 eczenas | |
| 700 | 1 | |a Misařová, Vlasta, |d 1942- |7 jx20050720064 |4 trl | |
| 787 | 0 | 8 | |i Z cyklu: |t Nové případy soudce Ti |g 18 |
| 830 | 0 | |a Černá káva | |
| 900 | |a ABA001 |b 20 | ||
| 044 | |a xr | ||
| 910 | |a RBIT002 | ||
| 998 | |d 367305 |a https://core.palmknihy.cz/api/books/367305/cover?si833u |b https://core.palmknihy.cz/api/books/367305/cover/400?si833u |c https://core.palmknihy.cz/api/books/367305/cover/50?si833u |e 2029-12-06 |g 208 |i 9788074074349 |j https://core.palmknihy.cz/api/books/367305/preview.epub |k https://core.palmknihy.cz/api/books/367305/preview.pdf |l |q 49 |r 1 |s https://www.palmknihy.cz/kniha/367305 |t ebook |y 2023 |z 0 |v Nové případy soudce Ti |w 18 | ||
| 999 | |d 311823 | ||